000
00267nam a22000977a 4500
008
240220b |||||||| |||| 00| 0 eng d
082
_a
C
_b
ALOP1
100
1
0
_a
Alonso, Manuel L.
_e
autor
_9
6303
245
_a
Papá ya no vive con nosotros /
_c
Manuel L. Alonso
942
_2
ddc
999
_c
30663
_d
17047